Július Koller a jeho priatelia

Bibliographic Details
Other Authors: Čepec, Peter, 1954- (Compiler, Author of introduction, etc.)
Format: Book
Language:Slovak
Published: Bratislava Typo & Ars 2008
Subjects:

MARC

LEADER 00000cam a2200000 a 4500
001 vtls009451146
003 SK-MaSNL
005 20260301211038.0
008 240226s2008 xo am g 010 0bslo
015 |a SNBA2011/03-01668 
020 |a 9788096970711  |q (brož.) 
035 |a urn:nbn:sk:snk-am009zzc 
035 |a 69084390-C0C0-4417-AC31-44C416D12F39 
035 |a urn:nbn:sk:snk-am3hbpv 
040 |a SNK  |b slo  |c SNK  |e AACR2 
041 0 |a slo 
043 |a e-xo--- 
044 |a xo  |c SK 
072 7 |a 72/76  |x Výtvarné umenie  |2 konspekt 
080 |a 929  |2 2001 
080 |a 72/76.071.1  |2 2001 
080 |a 72/76(437.6)  |2 2001 
080 |a (437.6)  |2 2001 
080 |a (041)  |2 2001 
245 0 0 |a Július Koller a jeho priatelia  |c zostavil a graficky upravil Peter Čepec 
260 |a Bratislava  |b Typo & Ars  |c 2008 
300 |a 39 s.  |b ilustr.  |c 21 cm  |e 1 DVD 
500 |a DVD obsahuje fotografie Petra Čepca, Květy Fulierovej, Bohuša Kudelku, Evy Ondrušovej a Aleša Šilberského od roku 1974 do roku 2008 
504 |a Obsahuje biografické údaje 
600 1 7 |a Koller, Július,  |d 1939-2007  |2 SNKMA  |9 119067 
648 7 |a 20.-21. stor.  |2 SNKPH  |9 270701 
650 0 7 |a slovenské výtvarné umenie  |2 SNKPH  |9 68597 
650 0 7 |a výtvarníci  |2 SNKPH  |9 118705 
655 7 |a spomienky  |2 SNKPH  |9 29509 
700 1 |a Čepec, Peter,  |d 1954-  |4 com  |4 bkd  |4 aui  |9 99540 
919 |a 978-80-969707-1-1 
958 |a BX 
999 |c 915548  |d 917478 
952 |a SNK  |b SNK  |y PREZ  |7 0  |p 17A0618324  |o snkSC 135119  |i snk2009/6258  |8 0  |3 Príloha: 1 DVD  |0 0  |1 0  |4 0  |d 2009-03-26  |f 1  |l 0  |r 2025-07-01 00:00:00  |w 2026-02-24 
952 |a SNK  |b SNK  |y PREZ  |7 0  |p 17A0618323  |o snkSC 135119/príl.  |i snk2009/6258  |8 0  |3 Príloha: 1 DVD  |z Príloha  |0 0  |1 0  |4 0  |d 2009-03-26  |l 0  |r 2025-07-01 00:00:00  |w 2026-02-24 
952 |a SNK  |b SNK  |y VYP  |7 0  |p 17A0618322  |o snkSC 135119 D1  |i snk2009/6259  |8 0  |3 Príloha: 1 DVD  |0 0  |1 0  |4 0  |d 2009-03-26  |l 0  |r 2026-02-24 07:58:02  |w 2026-02-24 
952 |a SNK  |b SNK  |y VYP  |7 0  |p 17A0618321  |o snkSC 135119/príl. D1  |i snk2009/6259  |8 0  |3 Príloha: 1 DVD  |z Príloha  |0 0  |1 0  |4 0  |d 2009-03-26  |l 0  |r 2026-02-24 07:58:02  |w 2026-02-24